| 000 | 00669nam a2200205 a 4500 | ||
|---|---|---|---|
| 001 | 2933 | ||
| 005 | 20140414131846.0 | ||
| 008 | 051130s19uu xx 00 eng d | ||
| 020 | _a0-439-44545-0 | ||
| 050 |
_aM 291.1 _bK25 2000 |
||
| 100 | _aKeenan, Shiela | ||
| 245 |
_aGods, goddesses, and monsters : _ba book of mythology / _cby Sheila Keenan. |
||
| 260 |
_aNew York : _bScholastic Reference, _c2000. |
||
| 300 | _a128 p. ; cm. | ||
| 520 | _aDiscusses the characters and themes of the myths of peoples from Asia to Africa to North and South America. | ||
| 650 |
_aMythology _xJuvenile literature. |
||
| 650 | _aFolklore. | ||
| 999 |
_c109946 _d109946 |
||